000 00321 a2200121 4500
000 nam a22 7a 4500
005 20260226154814.0
020 _a9788196100230
100 _aSandeep Kumar
245 _aBhāṭṭarahasya vidhi-bhāvanāvādayoḥ samīkṣanam
260 _bSivalik Prakashan
_c2025
942 _cTEXL
999 _c1680303
_d1680303